The tilapia trail : the life story of a fish biologist /

Bibliographic Details
Main Author: McConnell, Ro
Format: Book
Language:English
Published: Ascot [England] : MPM, 2006.
Subjects:

MARC

Tag First Indicator Second Indicator Subfields
LEADER 00000cam a2200000Ia 4500
001 in00002357521
005 20151108070021.0
008 061121s2006 enk 000 0aeng d
015 |a GBA776409  |2 bnb 
016 7 |a 013606880  |2 Uk 
020 |a 0954559649 
020 |a 9780954559649 
029 1 |a YDXCP  |b 100450718 
035 |a (OCoLC)ocm76763552 
035 |a (OCoLC)76763552 
040 |a CUS  |c CUS  |d YDXCP  |d UKM  |d UtOrBLW 
043 |a f------ 
049 |a TXAM 
050 4 |a QL31.M33  |b A3 2006 
082 0 4 |a 597.74  |2 22 
100 1 |a McConnell, Ro. 
245 1 4 |a The tilapia trail :  |b the life story of a fish biologist /  |c by Ro Lowe-McConnell. 
264 1 |a Ascot [England] :  |b MPM,  |c 2006. 
300 |a 296 pages :  |b illustrations (some color), maps (some color) ;  |c 24 cm. 
336 |a text  |b txt  |2 rdacontent 
337 |a unmediated  |b n  |2 rdamedia 
338 |a volume  |b nc  |2 rdacarrier 
504 |a Includes bibliographical references (pages 279-296). 
600 1 0 |a McConnell, Ro. 
650 0 |a Women ichthyologists  |v Biography. 
650 0 |a Tilapia. 
650 0 |a Fishes  |z Great Lakes (Africa) 
938 |a YBP Library Services  |b YANK  |n 100450718 
945 |a PromptCat  |b 203543 
946 |a stk 
947 |a A14835721963 
994 |a 92  |b TXA 
948 |a cataloged  |b h  |c 2008/1/24  |d c  |e asalazar  |f 6:50:59 pm 
999 |a MARS 
999 f f |s 1c0c05ae-cf87-3401-8761-2e56b917ee7b  |i 1ddfe360-723b-39d9-94a7-84ce95251749  |t 0 
952 f f |p normal  |a Texas A&M University  |b College Station  |c Sterling C. Evans Library  |d Evans: Library Stacks  |t 0  |e QL31.M33 A3 2006  |h Library of Congress classification  |i unmediated -- volume  |m A14835721963 
998 f f |a QL31.M33 A3 2006  |t 0  |l Evans: Library Stacks